[Event "Trindade op"]
[Site "Trindade"]
[Date "2018.09.02"]
[Round "5"]
[White "De Miranda, Daniele Correa"]
[Black "Silva, Heitor Imidio De Ol"]
[Result "0-1"]
[WhiteElo "1119"]
[BlackElo "1689"]
[PlyCount "68"]
[EventDate "2018.08.31"]
[EventType "swiss"]
[EventRounds "6"]
[EventCountry "BRA"]
[SourceTitle "CBM 187 Extra"]
[Source "ChessBase"]
[SourceDate "2018.11.04"]
[SourceVersion "1"]
[SourceVersionDate "2018.11.04"]
[SourceQuality "1"]

1. d4 d5 2. c4 e6 3. Nc3 Nf6 4. Bg5 Nbd7 5. Nf3 b6 6. e3 c5 7. Be2 Bd6 8. Bd3 0-0 9. e4 cxd4 10. Nxd4 e5 11. cxd5 exd4 12. Ne2 Be7 13. Nxd4 Nc5 14. Bc2 Ncxe4 15. Be3 Qxd5 16. 0-0 Ba6 17. Re1 Bb4 18. Bd2 Bxd2 19. Bb3 Qxd4 20. Bc2 Qxf2+ 21. Kh1 Bxe1 22. h3 Bf1 23. Qf3 Ng3+ 24. Kh2 Qxc2 25. Rxe1 Nfe4 26. h4 Rae8 27. Kh3 Ng5+ 28. Kxg3 Nxf3 29. Rxf1 Nxh4 30. Kxh4 Qxg2 31. Rf4 g5+ 32. Kh5 gxf4 33. Kh6 Re1 34. Kh5 Rh1# 0-1

[Event "Caldas Novas op 1st"]
[Site "Caldas Novas"]
[Date "2017.03.11"]
[Round "2"]
[White "Mariano, Marceley Martins"]
[Black "De Miranda, Daniele Correa"]
[Result "1-0"]
[WhiteElo "2098"]
[BlackElo "1165"]
[PlyCount "35"]
[EventDate "2017.03.10"]
[EventType "swiss"]
[EventRounds "6"]
[EventCountry "BRA"]
[SourceTitle "CBM 177 Extra"]
[Source "ChessBase"]
[SourceDate "2017.04.27"]
[SourceVersion "1"]
[SourceVersionDate "2017.04.27"]
[SourceQuality "1"]

1. e4 e6 2. d4 d5 3. Nc3 c5 4. exd5 exd5 5. dxc5 Na6 6. Bxa6 Nf6 7. Bb5+ Nd7 8. Nxd5 Bxc5 9. Qe2+ Be7 10. Bf4 b6 11. Bc7 0-0 12. Nxe7+ Kh8 13. Bxd8 Rxd8 14. Qe4 Nc5 15. Qxa8 g6 16. Qb8 Ne4 17. Qe5+ Nf6 18. Qxf6# 1-0

[Event "Caldas Novas op 1st"]
[Site "Caldas Novas"]
[Date "2017.03.11"]
[Round "4"]
[White "Nobrega, Juliana Barbosa"]
[Black "De Miranda, Daniele Correa"]
[Result "1-0"]
[WhiteElo "1741"]
[BlackElo "1165"]
[PlyCount "81"]
[EventDate "2017.03.10"]
[EventType "swiss"]
[EventRounds "6"]
[EventCountry "BRA"]
[SourceTitle "CBM 177 Extra"]
[Source "ChessBase"]
[SourceDate "2017.04.27"]
[SourceVersion "1"]
[SourceVersionDate "2017.04.27"]
[SourceQuality "1"]

1. d4 Nf6 2. e3 g6 3. Nc3 Bg7 4. Nf3 0-0 5. Bc4 Nc6 6. 0-0 d6 7. e4 Bg4 8. h3 Be6 9. Qd3 Qd7 10. Bf4 d5 11. Bb3 Nxe4 12. Qe3 Rad8 13. Nh4 Nxd4 14. f3 f5 15. fxe4 dxe4 16. Bh6 Bxb3 17. cxb3 Nc2 18. Qc1 f4 19. Qxc2 Bxh6 20. Nxe4 Qd4+ 21. Kh2 g5 22. Nf3 Qd7 23. Qc4+ e6 24. Ne5 Qe8 25. Qxc7 Bg7 26. Ng4 Bxb2 27. Nh6+ Kh8 28. Rab1 Bd4 29. Nxg5 Rd7 30. Qa5 b6 31. Qa6 Rf6 32. Ng4 Rg6 33. Qb5 Qc8 34. Rbc1 Qb7 35. Rxf4 Bb2 36. Rcc4 a6 37. Qc6 Qa7 38. Rf2 Ba1 39. Qc8+ Kg7 40. h4 b5 41. Qf8# 1-0

[Event "Goiania Goias Cup"]
[Site "Goiania"]
[Date "2016.10.15"]
[Round "3"]
[White "De Miranda, Daniele Correa"]
[Black "Santos, Luciano da Silva"]
[Result "0-1"]
[WhiteElo "1177"]
[BlackElo "1886"]
[PlyCount "52"]
[EventDate "2016.10.14"]
[EventType "swiss"]
[EventRounds "6"]
[EventCountry "BRA"]
[SourceTitle "CBM 175 Extra"]
[Source "ChessBase"]
[SourceDate "2016.12.12"]
[SourceVersion "1"]
[SourceVersionDate "2016.12.12"]
[SourceQuality "1"]

1. e4 c5 2. Nf3 Nc6 3. c3 d5 4. d3 g6 5. Be2 Bg7 6. 0-0 e6 7. Ng5 Nge7 8. Bg4 h6 9. Nf3 0-0 10. Ne1 b6 11. Bf4 Ba6 12. Nc2 dxe4 13. Nd2 Bxd3 14. Re1 f5 15. Bf3 e5 16. Be3 Bxc2 17. Qe2 Bd3 18. Qd1 exf3 19. Nxf3 e4 20. Qb3+ c4 21. Qb5 exf3 22. g3 Qd5 23. Qa6 f4 24. Bxf4 Qf5 25. Bc7 Qh3 26. Rxe7 Qg2# 0-1

[Event "Goiania-ch"]
[Site "Goiania"]
[Date "2016.02.20"]
[Round "3"]
[White "De Miranda, Daniele Correa"]
[Black "Dos Santos, Flavia Rodrigues"]
[Result "0-1"]
[WhiteElo "1198"]
[BlackElo "1520"]
[PlyCount "86"]
[EventDate "2016.02.19"]
[EventType "swiss"]
[EventRounds "6"]
[EventCountry "BRA"]
[SourceTitle "CBM 171 Extra"]
[Source "ChessBase"]
[SourceDate "2016.04.26"]
[SourceVersion "1"]
[SourceVersionDate "2016.04.26"]
[SourceQuality "1"]

1. d4 d5 2. c4 Bf5 3. Nc3 e6 4. e3 Nf6 5. Nf3 c5 6. Be2 Nc6 7. 0-0 Be7 8. Qe1 dxc4 9. Qd2 cxd4 10. exd4 Bb4 11. a3 Ne4 12. Qf4 Nxc3 13. Bxc4 Bd6 14. Qd2 Ne4 15. Qd1 Bg4 16. Be2 0-0 17. Qc2 Bxf3 18. Bxf3 Nxd4 19. Qxe4 f5 20. Qxb7 Rb8 21. Qxa7 Nxf3+ 22. gxf3 Qh4 23. Rd1 Bxh2+ 24. Kf1 Qh3+ 25. Ke2 Rf7 26. Qc5 Qh4 27. Rd4 Qf6 28. Rd6 Bxd6 29. Qxd6 Rxb2+ 30. Kf1 Rxf2+ 31. Kxf2 Qxa1 32. Bd2 Qa2 33. Ke3 Qd5 34. Qb8+ Rf8 35. Qb6 f4+ 36. Ke2 Rd8 37. Kf1 Qd3+ 38. Kf2 Qd4+ 39. Kf1 Qxb6 40. Ke2 Qb5+ 41. Ke1 Qb1+ 42. Ke2 Qb2 43. Kd1 Qxd2# 0-1